000 00319nam a2200133Ia 4500
005 20251222143249.0
008 251222s9999||||xx |||||||||||||| ||spa||
020 _a970-613-618-5
082 _a658.403.5/S29
100 _aSchrage, Michael
245 0 _aJuego Serio:
264 _bOxford University Press
942 _cLIB
999 _c14882
_d14882